00384nam a2200181Ia 4500003000900000008004100009040001300050040001300063041000800076100002600084245003400110250000900144260001300153260000900166300001100175300001000186490000600196IT-RoPAU120407s9999 xx 000 0 und d aIT-RoPAU cIT-RoPAU aita aPietro M. Lustrissimi aLa mariologia nel secolo XIX. aRoma aMarianum c1964 a178 p. c24 cm v1